| 000 | 01304nam a2200373 a 4500 | ||
|---|---|---|---|
| 001 | 0000243 | ||
| 003 | DO-SdBNP | ||
| 005 | 20160411134301.0 | ||
| 007 | 0000243 | ||
| 008 | 150130s2010 dr abc 000 0 spa d | ||
| 020 | _a9789945444050 | ||
| 040 |
_aBPMSU _bspa _cBPMSU |
||
| 092 |
_a372.7 _bR788m, 3ro. 2010 |
||
| 100 | 1 | _aRosa, María del Jesús de la | |
| 245 | 1 | 0 |
_aMatemática 3 : _b[educación básica] / _cMaría del Jesús de la Rosa, Francisca Antonia Medrano ; ilustraciones Ramón Sandoval. |
| 250 | _a2a. ed. rev. y actualizada | ||
| 260 |
_aSanto Domingo : _bActualidad Escolar 2000, _c2010. |
||
| 300 |
_a2v. : _bil., retrs. ; _c28 cm. |
||
| 490 | 1 | _aSigma | |
| 500 | _aLa biblioteca posee v.1 Libro texto; v.2. Libro del maestro | ||
| 500 | _a. | ||
| 505 | 1 |
_tUna ciudad -- _tCuento y mido -- _tCuento, mido e interpreto -- |
|
| 650 |
_aMATEMÁTICA _xENSEÑANZA BÁSICA |
||
| 650 |
_aMATEMÁTICA _xENSEÑANZA ELEMENTAL |
||
| 650 |
_aEDUCACIÓN PRIMARIA _zREPÚBLICA DOMINICANA |
||
| 650 |
_aMATEMÁTICA _xLIBROS DE TEXTOS |
||
| 650 |
_aMATEMÁTICA _xESTUDIOS Y EJERCICIOS |
||
| 700 | 1 | _aMedrano, Francisca Antonia | |
| 700 | 1 |
_aSandoval, Ramón _eil. |
|
| 830 | 0 | _aSigma | |
| 910 | _aValidado. Control de calidad MFF | ||
| 942 |
_2ddc _cBK |
||
| 956 |
_aYLOCKWARD _b10 |
||
| 999 |
_c9574 _d9574 |
||